Catálogo

México, tierra de volcanes : de Cortés a Miguel Alemán / (Registro nro. 809)

Detalles MARC
000 -LEADER
fixed length control field 01389cam a2200337 i 4500
001 - CONTROL NUMBER
control field 809
003 - CONTROL NUMBER IDENTIFIER
control field Mx-PuUPA
005 - DATE AND TIME OF LATEST TRANSACTION
control field 20260306093253.0
008 - FIXED-LENGTH DATA ELEMENTS--GENERAL INFORMATION
fixed length control field 140415s2024 mx b gr 000 0 spa d
020 ## - INTERNATIONAL STANDARD BOOK NUMBER
International Standard Book Number 9786070912009
Qualifying information rústica
040 ## - CATALOGING SOURCE
Original cataloging agency Mx-PuUPA
Language of cataloging spa
Transcribing agency Mx-PuUPA
Modifying agency Mx-PuUPA
Description conventions rda
041 1# - LANGUAGE CODE
Language code of text/sound track or separate title spa
Language code of original eng
043 ## - GEOGRAPHIC AREA CODE
Geographic area code n-mx---
100 1# - MAIN ENTRY--PERSONAL NAME
Personal name Schlarman, Joseph HL,
Relator term autor
9 (RLIN) 1449
240 10 - UNIFORM TITLE
Uniform title Mexico, a land of volcanoes. From Cortés to Alemán.
Language of a work Español
245 10 - TITLE STATEMENT
Title México, tierra de volcanes : de Cortés a Miguel Alemán /
Statement of responsibility, etc. Joseph H. L. Schlarman ; traducción, Carlos de María y Campos
250 ## - EDITION STATEMENT
Edition statement 21a. edición /
Remainder of edition statement tercera reimpresión rústica
264 #1 - PRODUCTION, PUBLICATION, DISTRIBUTION, MANUFACTURE, AND COPYRIGHT NOTICE
Place of production, publication, distribution, manufacture México, D.F. :
Name of producer, publisher, distributor, manufacturer Editorial Porrúa,
Date of production, publication, distribution, manufacture, or copyright notice ©2024
300 ## - PHYSICAL DESCRIPTION
Extent xvi, 767 páginas :
Other physical details mapas ;
Dimensions 23 cm
336 ## - CONTENT TYPE
Fuente rdacontent
Content type term texto
Content type code txt
337 ## - MEDIA TYPE
Source rdamedia
Media type term sin medio
Media type code n
338 ## - CARRIER TYPE
Source rdacarrier
Carrier type term volumen
Carrier type code nc
650 #7 - SUBJECT ADDED ENTRY--TOPICAL TERM
Source of heading or term armarc
Topical term or geographic name entry element Historia
Geographic subdivision México
700 1# - ADDED ENTRY--PERSONAL NAME
Personal name María y Campos, Carlos De,
Relator term traductor
765 0# - ORIGINAL LANGUAGE ENTRY
Main entry heading Schlarman, Joseph H. L.
Title Mexico a land of volcanoes. From Cortés to Alemán.
942 ## - ADDED ENTRY ELEMENTS (KOHA)
Source of classification or shelving scheme Dewey Decimal Classification
Koha item type Libro
Classification part 972
Item part S218
Existencias
Withdrawn status Lost status Source of classification or shelving scheme Damaged status Not for loan Collection code Home library Current library Shelving location Date acquired Source of acquisition Cost, normal purchase price Total Checkouts Full call number Barcode Date last seen Cost, replacement price Price effective from Koha item type
    Dewey Decimal Classification     General Biblioteca Karol Wojtyla Biblioteca Karol Wojtyla Sala general 17/10/2024 1 530.00   972 S218 2024 105362 05/01/2026 530.00 17/10/2024 Libro